Auckland Airport Destinations (Auckland, New Zealand) - Statistics

General Stats
  • This quiz has been taken 328 times
    75 since last reset
  • The average score is 43 of 69
Answer Stats
Airline Destination % Correct
Air New Zealand/China Airlines/Jetstar/Qantas/Solomon Airlines Brisbane
96%
Air New Zealand/Cathay Pacific Hong Kong
96%
Air New Zealand/China Airlines/Jetstar/Qantas Melbourne
96%
Air New Zealand/Qantas Perth
96%
Air New Zealand/China Eastern Airlines Shanghai (Pudong)
96%
Air New Zealand/Qantas Adelaide
94%
Air China Beijing (Capital)
94%
Emirates Dubai (International)
94%
Air New Zealand/China Eastern Airlines/Jetstar/Qantas Sydney
94%
Qatar Airways Doha
92%
China Southern Airlines Guangzhou
92%
Air New Zealand/Air Tahiti Nui/American Airlines/Delta Air Lines Los Angeles
92%
Air New Zealand/Singapore Airlines Singapore
92%
Air New Zealand/Jetstar Wellington
92%
Air New Zealand/Jetstar Christchurch
91%
Malaysia Airlines Kuala Lumpur (International)
91%
Korean Air Seoul (Incheon)
91%
Air New Zealand Tokyo (Narita)
91%
Air New Zealand/United Airlines San Francisco
89%
LATAM Chile Santiago de Chile
87%
Air New Zealand/Fiji Airways Nadi
85%
Hainan Airlines Shenzhen
85%
Air New Zealand/Jetstar/Qantas Gold Coast
83%
Air New Zealand/Hawaiian Airlines Honolulu
83%
Air New Zealand/Qantas New York (JFK)
83%
American Airlines Dallas/Fort Worth
81%
Air New Zealand Denpasar
81%
Air Canada/Air New Zealand Vancouver
79%
Sichuan Airlines Chengdu (Tianfu)
77%
Air Vanuatu/Solomon Airlines Port Vila
77%
Air New Zealand/China Airlines Taipei (Taoyuan)
77%
Air New Zealand/Jetstar Queenstown
74%
Air New Zealand Cairns
72%
Hainan Airlines Chongqing
72%
Air New Zealand Houston (Intercontinental)
72%
Air New Zealand Hobart
70%
Air New Zealand/Qantas Apia
68%
Air New Zealand/Jetstar Dunedin
66%
China Eastern Airlines Hangzhou
64%
Air New Zealand/Jetstar Sunshine Coast
64%
Air New Zealand/Air Tahiti Nui Papeete
60%
Solomon Airlines Honiara
58%
Air New Zealand/Aircalin Nouméa
57%
Hainan Airlines Haikou
55%
Air New Zealand Nuku'alofa
55%
Air New Zealand Invercargill
49%
Air New Zealand Rotorua
47%
Air New Zealand Nelson
45%
China Eastern Airlines Buenos Aires (Ezeiza)
42%
Air New Zealand Napier
42%
Air New Zealand/Jetstar Rarotonga
42%
Air New Zealand Palmerston North
38%
Air New Zealand New Plymouth
36%
Air Chathams Norfolk Island
36%
Air New Zealand Niue
34%
Air New Zealand Taupō
34%
Air New Zealand Tauranga
34%
Air Chathams/Air New Zealand Blenheim
32%
Air New Zealand Gisborne
32%
Air Chathams Chatham Islands
30%
Air New Zealand Whangārei
28%
Air New Zealand/Barrier Air Kerikeri
19%
Air Chathams Whākatane
19%
Air Chathams Whanganui
19%
Air Chathams Kapiti Coast
8%
Barrier Air Claris
6%
Barrier Air Kaitaia
6%
Barrier Air Whitianga
6%
Solomon Airlines Santo
0%
No matching quizzes found
Score Distribution
Percent of People with Each Score
Percentile by Number Answered
Your Score History
You have not taken this quiz since the last reset